000 00635nam a2200229Ia 4500
003 OSt
005 20220923230440.0
006 a|||||r|||| 00| 0
007 ta
008 Pun
024 _a282,037
037 _cTextual
040 _aARTS
_cARTS
_bPun
041 _2Pun
_aPun
082 _aO153,3N23,PD, M8
100 _aਰਾਹੀ, ਜਸਵੰਤ ਸਿੰਘ
_9156315
245 0 _aਪਰਛਾਵਿਆਂ ਦਾ ਸੱਚ
260 _c1988
650 _aਪੰਜਾਬੀ ਸਾਹਿਤ
942 _hO153,3N23,PD, M8
_cTEXL
_2CC
999 _c384874
_d384874